[Event "Bicaz City Cup 2020"]
[Site "Bicaz ROU"]
[Date "2020.03.06"]
[Round "2.7"]
[White "Vornicu, Neculai"]
[Black "Dobre, Claudiu Cristian"]
[Result "0-1"]
[WhiteElo "1714"]
[BlackElo "2312"]
[PlyCount "76"]
[EventDate "2020.03.05"]

1. e4 Nc6 2. Nf3 d6 3. d4 Nf6 4. Nbd2 Bg4 5. c3 e6 6. Be2 d5 7. e5 Nd7 8. O-O
f6 9. exf6 Qxf6 10. Re1 Bd6 11. h3 Bf5 12. Nf1 O-O 13. Ne3 Be4 14. Ng4 Qg6 15.
Qd2 h5 16. Ne3 Bxf3 17. Bd3 Be4 18. Bxe4 Qxe4 19. Nf1 Qf5 20. Qe2 Rae8 21. Be3
a6 22. Nd2 e5 23. Nf3 exd4 24. cxd4 Nb4 25. Rad1 Nxa2 26. Nh4 Qf7 27. Rd3 Nb4
28. Rb3 c5 29. Qd2 cxd4 30. Bxd4 Qf4 31. Be3 Qc4 32. Rc1 Qxb3 33. Rc3 Qa2 34.
Bd4 Qxb2 35. Qd1 Nc2 36. Rxc2 Qxd4 37. Rd2 Qxh4 38. Rxd5 Qxf2+ 0-1

[Event "Bicaz City Cup 2020"]
[Site "Bicaz ROU"]
[Date "2020.03.07"]
[Round "4.3"]
[White "Soltanici, R."]
[Black "Dobre, Claudiu Cristian"]
[Result "1-0"]
[WhiteElo "2403"]
[BlackElo "2312"]
[PlyCount "61"]
[EventDate "2020.03.05"]

1. e4 Nc6 2. Nf3 d6 3. d4 Nf6 4. c3 e5 5. h3 Be7 6. Bd3 O-O 7. Nbd2 Re8 8. O-O
Bf8 9. Re1 Nh5 10. Nc4 g6 11. Bg5 Be7 12. Be3 exd4 13. cxd4 d5 14. exd5 Nb4 15.
Bf1 Nxd5 16. Bd2 Nhf4 17. Qb3 c6 18. Rac1 Ne6 19. Ba5 b6 20. Bd2 Bf6 21. Nce5
Bxe5 22. dxe5 c5 23. Rcd1 Nd4 24. Nxd4 cxd4 25. Bb5 Re6 26. Bc1 Nc7 27. Bc4 Bb7
28. Be3 b5 29. Rxd4 Qe8 30. Bxe6 Qxe6 31. Qxe6 1-0

[Event "Bicaz City Cup 2020"]
[Site "Bicaz ROU"]
[Date "2020.03.07"]
[Round "5.8"]
[White "Dobre, Claudiu Cristian"]
[Black "Tablan, Andrei-Damian"]
[Result "1-0"]
[WhiteElo "2312"]
[BlackElo "1808"]
[PlyCount "61"]
[EventDate "2020.03.05"]

1. c4 d5 2. cxd5 Nf6 3. e4 e6 4. dxe6 Bxe6 5. Nf3 Nc6 6. Nc3 Bc5 7. h3 O-O 8.
Be2 Nd4 9. d3 a6 10. O-O Ba7 11. Nxd4 Bxd4 12. Be3 c5 13. Qd2 Nd7 14. f4 f5 15.
Bf3 g5 16. exf5 Bxf5 17. Bd5+ Kh8 18. fxg5 Ne5 19. Bxd4 cxd4 20. Qf4 Nc6 21.
Bxc6 bxc6 22. Qe5+ Kg8 23. Rxf5 Re8 24. Qf6 dxc3 25. Qf7+ Kh8 26. g6 Qd4+ 27.
Kh1 hxg6 28. Qxg6 Qg7 29. Qh5+ Qh7 30. bxc3 Re6 31. Qxh7+ 1-0

[Event "Bicaz City Cup 2020"]
[Site "Bicaz ROU"]
[Date "2020.03.08"]
[Round "7.5"]
[White "Dobre, Claudiu Cristian"]
[Black "Pislariu, Stefanel-Vasilica"]
[Result "1-0"]
[WhiteElo "2312"]
[BlackElo "1954"]
[PlyCount "64"]
[EventDate "2020.03.05"]

1. c4 c6 2. Nf3 d5 3. d4 Nf6 4. Nbd2 Bf5 5. g3 e6 6. Bg2 Nbd7 7. Nh4 Bg4 8. h3
Bh5 9. g4 Bg6 10. O-O Bd6 11. Nxg6 hxg6 12. e4 dxe4 13. g5 Nh5 14. Nxe4 Bb8 15.
Qg4 Qc7 16. f4 O-O 17. Be3 a5 18. c5 Qd8 19. Nd2 Qe7 20. Nc4 Bc7 21. b3 Nb8 22.
a3 Na6 23. Be4 Rad8 24. Rab1 Rd5 25. Bxd5 exd5 26. Ne5 f6 27. gxf6 gxf6 28.
Qxg6+ Ng7 29. Ng4 f5 30. Ne5 Qh4 31. Rf3 Rf6 32. Qg5 Nb8 1-0

[Event "CAMPIONATUL NATIONAL PE ECHIPE - DIVIZI"]
[Site "Mamaia "]
[Date "2019.09.21"]
[Round "1.2"]
[White "Dobre, Claudiu Cristian"]
[Black "Padurean, Daniel Cristian"]
[Result "1-0"]
[WhiteElo "2316"]
[BlackElo "1998"]
[PlyCount "87"]
[EventDate "2019.09.21"]
[EventType "team"]
[EventRounds "9"]
[WhiteTeam "CS Universitatea Targoviste"]
[BlackTeam "CS Muncitorul Resita"]

1. c4 e5 2. Nc3 Nf6 3. Nf3 e4 4. Ng5 b5 5. d3 bxc4 6. dxe4 Nc6 7. e3 h6 8. Nf3
Bb4 9. Bxc4 O-O 10. Bd2 Bxc3 11. Bxc3 Nxe4 12. Qc2 Nxc3 13. Qxc3 Rb8 14. O-O
Rb6 15. Rfd1 Qf6 16. Qxf6 gxf6 17. b3 Ne5 18. Be2 d6 19. Rac1 c5 20. Nd2 Ba6
21. Bxa6 Rxa6 22. Ne4 Rxa2 23. Rxd6 c4 24. bxc4 Nxc4 25. Rxf6 Kg7 26. h3 Nd2
27. Rf4 Nxe4 28. Rxe4 Rb8 29. Rg4+ Kh7 30. Rf4 Rb7 31. Rc6 a5 32. Ra6 Kg7 33.
g4 Rb1+ 34. Kg2 Rb7 35. Kg3 Rc7 36. Rff6 Rcc2 37. Rf5 a4 38. Ra7 a3 39. Raxf7+
Kg8 40. Ra7 Ra1 41. Rb5 Rc8 42. Rb3 a2 43. Kg2 Rb1 44. Rba3 1-0

[Event "CAMPIONATUL NATIONAL PE ECHIPE - DIVIZI"]
[Site "Mamaia "]
[Date "2019.09.22"]
[Round "2.2"]
[White "Szabo, Gergely-Andras-Gyul"]
[Black "Dobre, Claudiu Cristian"]
[Result "1/2-1/2"]
[WhiteElo "2534"]
[BlackElo "2316"]
[PlyCount "88"]
[EventDate "2019.09.21"]
[EventType "team"]
[EventRounds "9"]
[WhiteTeam "CS  Comunal Ghiroda si Giarmata Vii"]
[BlackTeam "CS Universitatea Targoviste"]

1. e4 Nc6 2. Nf3 d6 3. d4 Nf6 4. Nc3 e5 5. h3 Be7 6. g3 O-O 7. Bg2 exd4 8. Nxd4
Bd7 9. O-O Nxd4 10. Qxd4 Bc6 11. b3 Nd7 12. Bb2 Bf6 13. Qd2 Nc5 14. Rfe1 Re8
15. Rab1 a5 16. a3 Re6 17. b4 axb4 18. axb4 Na4 19. Nxa4 Rxa4 20. c4 Bxb2 21.
Qxb2 b6 22. Re2 h6 23. Rbe1 Ra8 24. b5 Bb7 25. e5 Bxg2 26. Kxg2 dxe5 27. Rxe5
Qf6 28. R1e2 Rd8 29. Rxe6 Qxb2 30. Rxb2 fxe6 31. Kf3 Rd4 32. Rc2 Kf7 33. Ke3 e5
34. f4 Ke6 35. c5 Rb4 36. cxb6 cxb6 37. Rc6+ Kd5 38. Rxb6 exf4+ 39. gxf4 Rb3+
40. Kf2 Ke4 41. Rb7 g6 42. Rf7 Rxh3 43. Rf6 Rb3 44. Rxg6 Kxf4 1/2-1/2

[Event "CAMPIONATUL NATIONAL PE ECHIPE - DIVIZI"]
[Site "Mamaia "]
[Date "2019.09.23"]
[Round "3.2"]
[White "Dobre, Claudiu Cristian"]
[Black "Ionescu, Doru Alexandru"]
[Result "1-0"]
[WhiteElo "2316"]
[BlackElo "2320"]
[PlyCount "33"]
[EventDate "2019.09.21"]
[EventType "team"]
[EventRounds "9"]
[WhiteTeam "CS Universitatea Targoviste"]
[BlackTeam "CS  Universitar  Ploiesti"]

1. c4 Nf6 2. Nc3 g6 3. Nf3 Bg7 4. d4 d5 5. Bf4 c5 6. dxc5 Qa5 7. Rc1 dxc4 8. e3
O-O {(=)} 9. Bxc4 Qxc5 10. Bb3 Nc6 11. O-O Qa5 12. h3 Bf5 13. Qe2 Rad8 14. e4
Bc8 15. Nd5 Nxd5 16. exd5 e5 17. Bd2 1-0

[Event "CAMPIONATUL NATIONAL PE ECHIPE - DIVIZI"]
[Site "Mamaia "]
[Date "2019.09.24"]
[Round "4.2"]
[White "Tomescu, Vlad"]
[Black "Dobre, Claudiu Cristian"]
[Result "1/2-1/2"]
[WhiteElo "2327"]
[BlackElo "2316"]
[PlyCount "107"]
[EventDate "2019.09.21"]
[EventType "team"]
[EventRounds "9"]
[WhiteTeam "ACS  Viitorul Urziceni"]
[BlackTeam "CS Universitatea Targoviste"]

1. e4 e5 2. Nf3 Nf6 3. Nxe5 d6 4. Nf3 Nxe4 5. Qe2 Qe7 6. d3 Nf6 7. Nc3 Qxe2+ 8.
Bxe2 c6 9. h3 Be7 10. Bf4 Nbd7 11. O-O-O Nc5 12. Rhe1 Ne6 13. Bh2 O-O 14. Ne4
Rd8 15. Nxf6+ Bxf6 16. d4 d5 17. Be5 Bxe5 18. Nxe5 f6 19. Ng4 Nf4 20. Ne3 h5
21. h4 Re8 22. Bf3 Bg4 23. Bxg4 hxg4 24. Nxg4 Ne2+ 25. Kb1 Nxd4 26. Ne3 Ne6 27.
c4 dxc4 28. Nxc4 Nf4 29. Ne3 Rad8 30. Kc2 g6 31. g3 Rxd1 32. Rxd1 Nh3 33. Ng4
Re2+ 34. Rd2 Rxd2+ 35. Kxd2 f5 36. Ne5 Nxf2 37. Nxg6 Kf7 38. Ne5+ Ke6 39. Nd3
Ne4+ 40. Ke3 Nxg3 41. Nc5+ Kd5 42. Nxb7 Nh5 43. Na5 Kc5 44. Nb3+ Kd5 45. Nd2 a5
46. b3 Kc5 47. a3 Kb5 48. Kd4 c5+ 49. Ke5 f4 50. Kd5 a4 51. bxa4+ Kxa4 52. Kxc5
Kxa3 53. Kd4 Kb4 54. Nf3 1/2-1/2

[Event "CAMPIONATUL NATIONAL PE ECHIPE - DIVIZI"]
[Site "Mamaia "]
[Date "2019.09.25"]
[Round "5.2"]
[White "Dobre, Claudiu Cristian"]
[Black "Chima, Radu-Niculin"]
[Result "1/2-1/2"]
[WhiteElo "2316"]
[BlackElo "2041"]
[PlyCount "62"]
[EventDate "2019.09.21"]
[EventType "team"]
[EventRounds "9"]
[WhiteTeam "CS Universitatea Targoviste"]
[BlackTeam "Asociatia Sah-Club  Bistrita"]

1. c4 e5 2. Nc3 Nf6 3. Nf3 Nc6 4. e3 Bb4 5. Qc2 O-O 6. Nd5 Bc5 7. Bd3 h6 8. a3
a5 9. b3 d6 10. Bb2 Nxd5 11. cxd5 Ne7 12. Bc4 Bf5 13. Qc3 b5 14. Bxb5 Nxd5 15.
Qc1 Rb8 16. Be2 Qe7 17. d4 exd4 18. Bxd4 Bxd4 19. Nxd4 Bd7 20. Nc6 Bxc6 21.
Qxc6 Qe5 22. O-O Rb6 23. Qc4 Rfb8 24. Bf3 Nc3 25. Qxc7 Rxb3 26. a4 Qc5 27. Qd7
Qe5 28. h3 g6 29. Qc7 Qc5 30. Qd7 Qe5 31. Qc7 Qc5 1/2-1/2

[Event "CAMPIONATUL NATIONAL PE ECHIPE - DIVIZI"]
[Site "Mamaia "]
[Date "2019.09.26"]
[Round "6.2"]
[White "Zubcu, Vlad-George"]
[Black "Dobre, Claudiu Cristian"]
[Result "1/2-1/2"]
[WhiteElo "2274"]
[BlackElo "2316"]
[PlyCount "57"]
[EventDate "2019.09.21"]
[EventType "team"]
[EventRounds "9"]
[WhiteTeam "CS  Universitatea Arad"]
[BlackTeam "CS Universitatea Targoviste"]

1. d4 d5 2. c4 c6 3. Nc3 Nf6 4. Nf3 e6 5. Bg5 Nbd7 6. e3 Qa5 7. Bxf6 Nxf6 8.
Bd3 Bb4 9. Qc2 c5 10. O-O cxd4 11. exd4 dxc4 12. Bxc4 O-O 13. Ne4 Be7 14. Ne5
Qc7 15. Rac1 Bd7 16. Nxf6+ Bxf6 17. Qxh7+ Kxh7 18. Bd3+ Kg8 19. Rxc7 Bxe5 20.
Rxd7 Rad8 21. Rxd8 Rxd8 22. dxe5 Rxd3 23. f4 Rd2 24. Rf2 Rd1+ 25. Rf1 Rd2 26.
Rb1 Kh7 27. g4 g5 28. fxg5 Kg6 29. h4 1/2-1/2

[Event "CAMPIONATUL NATIONAL PE ECHIPE - DIVIZI"]
[Site "Mamaia "]
[Date "2019.09.27"]
[Round "7.2"]
[White "Dobre, Claudiu Cristian"]
[Black "Varlan, Herwig Ioan"]
[Result "1/2-1/2"]
[WhiteElo "2316"]
[BlackElo "2123"]
[PlyCount "219"]
[EventDate "2019.09.21"]
[EventType "team"]
[EventRounds "9"]
[WhiteTeam "CS Universitatea Targoviste"]
[BlackTeam "CS Ineu"]

1. c4 Nf6 2. Nf3 g6 3. Nc3 Bg7 4. d4 d5 5. Bf4 O-O 6. e3 c5 7. dxc5 Qa5 8. Rc1
dxc4 9. Bxc4 Nc6 10. O-O Bg4 11. h3 Rad8 12. Qe2 Bxf3 13. Qxf3 Qxc5 14. Bb3 Qb4
15. Rc2 Na5 16. Bc7 Rd7 17. Bxa5 Qxa5 18. Rfc1 e6 19. Na4 b6 20. Rd1 Rxd1+ 21.
Qxd1 Qe5 22. Nc3 Rc8 23. Qd3 Qb8 24. Rd2 Bf8 25. Rd1 Qb7 26. Bc4 Rc7 27. Ba6
Qb8 28. Qd4 Ne8 29. Ne4 Be7 30. Qe5 Rc8 31. Qxb8 Rxb8 32. Rd7 Kf8 33. Rxa7 Nd6
34. Nc3 b5 35. a4 bxa4 36. Nxa4 Rb4 37. Bd3 Bf6 38. Ra6 Nf5 39. Nc5 Rxb2 40.
Bxf5 gxf5 41. g3 Be7 42. Nd7+ Kg7 43. Ne5 Rb5 44. Nd3 Rd5 45. Nf4 Rd1+ 46. Kg2
Bd6 47. Ne2 Be5 48. Ra7 Ra1 49. Rb7 Ra2 50. Kf3 Kf6 51. g4 fxg4+ 52. hxg4 Kg6
53. Rb5 Bc7 54. Nd4 Ra5 55. Rb7 Rc5 56. Nb3 Rc2 57. Nd4 Rc5 58. Nb5 Be5 59. Rb6
h5 60. gxh5+ Kxh5 61. Ke4 Kg6 62. f4 Bg7 63. Nd6 Bf8 64. Nb5 Rc4+ 65. Nd4 Rb4
66. Rc6 Kg7 67. Kd3 Ra4 68. Rc7 Kg6 69. Nc6 Ra3+ 70. Ke2 f6 71. Nd4 Ra6 72. Kf3
f5 73. Nc6 Bd6 74. Rc8 Kf6 75. Nd4 Be7 76. Rh8 Kg7 77. Re8 Kf7 78. Rc8 Bf6 79.
Rc7+ Kg6 80. Nb3 e5 81. Nc5 e4+ 82. Kg3 Ra3 83. Kf2 Ra2+ 84. Kf1 Rc2 85. Ne6
Rxc7 86. Nxc7 Bb2 87. Nd5 Bc1 88. Ke2 Kf7 89. Nb6 Ba3 90. Nd5 Bc5 91. Kd2 Ke6
92. Nc7+ Kf6 93. Kc3 Ba7 94. Kd2 Kg6 95. Nd5 Bc5 96. Kc3 Ba7 97. Kc2 Bc5 98.
Kd2 Ba7 99. Ne7+ Kf6 100. Nc6 Bc5 101. Ne5 Bd6 102. Nc4 Bc7 103. Kc3 Ke6 104.
Kd4 Bd8 105. Kc3 Bf6+ 106. Kb4 Be7+ 107. Kc3 Bf6+ 108. Kb4 Be7+ 109. Kc3 Bf6+
110. Kb4 1/2-1/2

[Event "CAMPIONATUL NATIONAL PE ECHIPE - DIVIZI"]
[Site "Mamaia "]
[Date "2019.09.28"]
[Round "8.2"]
[White "Ogleznev, Alexandr"]
[Black "Dobre, Claudiu Cristian"]
[Result "1/2-1/2"]
[WhiteElo "2328"]
[BlackElo "2316"]
[PlyCount "61"]
[EventDate "2019.09.21"]
[EventType "team"]
[EventRounds "9"]
[WhiteTeam "ACS Pheonix Buzau"]
[BlackTeam "CS Universitatea Targoviste"]

1. e4 Nc6 2. Nf3 d6 3. d4 Nf6 4. Nc3 e5 5. Bb5 Bd7 6. Bxc6 Bxc6 7. Qd3 exd4 8.
Nxd4 Be7 9. Nxc6 bxc6 10. O-O Nd7 11. Qa6 Nb6 12. Be3 O-O 13. Rad1 Bf6 14. Bd4
Bxd4 15. Rxd4 Qc8 16. Qe2 Re8 17. Qf3 Qe6 18. b3 c5 19. Rd3 Qe5 20. Re3 a5 21.
Rfe1 Kf8 22. Qe2 Red8 23. Qf3 c6 24. Rd1 Re8 25. h3 Re6 26. Qe2 c4 27. Qd2 Rd8
28. Ne2 Qc5 29. Nd4 Ree8 30. Nf5 g6 31. Nd4 1/2-1/2

[Event "CAMPIONATUL NATIONAL PE ECHIPE - DIVIZI"]
[Site "Mamaia "]
[Date "2019.09.29"]
[Round "9.2"]
[White "Dobre, Claudiu Cristian"]
[Black "Gheorghiu, Calin"]
[Result "0-1"]
[WhiteElo "2316"]
[BlackElo "2315"]
[PlyCount "76"]
[EventDate "2019.09.21"]
[EventType "team"]
[EventRounds "9"]
[WhiteTeam "CS Universitatea Targoviste"]
[BlackTeam "SCM  Gloria Buzau"]

1. c4 e6 2. Nf3 Nf6 3. b3 d5 4. e3 b6 5. Bb2 Bb7 6. Nc3 Nbd7 7. Rc1 a6 8. cxd5
exd5 9. d4 Bd6 10. g3 Qe7 11. Bg2 h5 12. Nd2 h4 13. Nc4 O-O-O 14. Nxd6+ Qxd6
15. Kd2 Kb8 16. Kc2 Rh6 17. Kb1 Rdh8 18. Qc2 Nf8 19. e4 dxe4 20. Nxe4 Nxe4 21.
Bxe4 Bxe4 22. Qxe4 hxg3 23. fxg3 Rxh2 24. Rxh2 Rxh2 25. Qe8+ Kb7 26. Qxf7 Ne6
27. Qf3+ Kb8 28. Qe4 Qxg3 29. d5 Nc5 30. Qe5 Qg6+ 31. Ka1 Rxb2 32. Qxb2 Nd3 33.
Qc2 Qf6+ 34. Kb1 Nxc1 35. Kxc1 Qa1+ 36. Kd2 Qd4+ 37. Ke2 Qxd5 38. Qg6 Qe5+ 0-1

[Event "12th Arad Open 2019"]
[Site "Arad ROU"]
[Date "2019.07.24"]
[Round "1.26"]
[White "Muntoiu, Emanoil"]
[Black "Dobre, Claudiu Cristian"]
[Result "0-1"]
[WhiteElo "1813"]
[BlackElo "2340"]
[PlyCount "106"]
[EventDate "2019.07.24"]

1. e4 c6 2. d4 d5 3. Nc3 dxe4 4. Nxe4 Bf5 5. Ng3 Bg6 6. Nf3 Nd7 7. Bd3 e6 8.
Bxg6 hxg6 9. h3 Ngf6 10. Qe2 Qa5+ 11. c3 Qb5 12. Qxb5 cxb5 13. Bd2 Bd6 14. Ne2
Nd5 15. a4 bxa4 16. Rxa4 O-O 17. O-O N7b6 18. Ra2 Nc4 19. Rfa1 Nxd2 20. Nxd2 a6
21. Ne4 Be7 22. Nc5 Bxc5 23. dxc5 Rac8 24. b4 g5 25. Rb1 Rfd8 26. Rd2 Nf4 27.
Rxd8+ Rxd8 28. Nxf4 gxf4 29. Kf1 Rd3 30. Rc1 e5 31. f3 Rd2 32. Re1 f6 33. Re2
Rd1+ 34. Re1 Rd3 35. Rc1 Rd2 36. Rb1 Rc2 37. Rb3 f5 38. Ke1 e4 39. Kd1 Rxg2 40.
c4 Rg1+ 41. Kd2 e3+ 42. Ke2 Rc1 43. b5 axb5 44. Rxb5 Rxc4 45. h4 Kh7 46. Rxb7
Rxc5 47. Rb4 Rc2+ 48. Ke1 g5 49. hxg5 Kg6 50. Rxf4 Rf2 51. Ra4 Kxg5 52. Ra8 Kf4
53. Rf8 Rxf3 0-1

[Event "12th Arad Open 2019"]
[Site "Arad ROU"]
[Date "2019.07.25"]
[Round "2.25"]
[White "Dobre, Claudiu Cristian"]
[Black "Dobre, Radu-Fabian"]
[Result "1-0"]
[WhiteElo "2340"]
[BlackElo "2004"]
[PlyCount "81"]
[EventDate "2019.07.24"]

1. c4 e6 2. Nf3 d5 3. g3 Nf6 4. Bg2 Be7 5. O-O O-O 6. b3 b6 7. Bb2 Bb7 8. cxd5
exd5 9. d4 Nbd7 10. Ne5 c5 11. Nd3 Re8 12. Nc3 Ne4 13. dxc5 Ndxc5 14. Nf4 Bf6
15. Rc1 g6 16. Rc2 Nxc3 17. Bxc3 Bxc3 18. Rxc3 Qf6 19. Rc2 Rad8 20. Qa1 Qf5 21.
Qb2 a5 22. Rd1 Rd6 23. h4 h6 24. Rcd2 Red8 25. b4 axb4 26. Qxb4 g5 27. e4 Qe5
28. Nxd5 Bxd5 29. exd5 Ra8 30. hxg5 hxg5 31. Qg4 Kf8 32. Re2 Qf6 33. Qh5 Na4
34. Rde1 Nc3 35. Re5 Rdd8 36. Rxg5 Rxa2 37. Rf5 Qg7 38. Rg5 Qf6 39. Rf5 Qg7 40.
Qh4 Re8 41. Qb4+ 1-0

[Event "12th Arad Open 2019"]
[Site "Arad ROU"]
[Date "2019.07.25"]
[Round "3.1"]
[White "Mastrovasilis, Dimitrios"]
[Black "Dobre, Claudiu Cristian"]
[Result "1-0"]
[WhiteElo "2589"]
[BlackElo "2340"]
[PlyCount "55"]
[EventDate "2019.07.24"]

1. e4 e5 2. Nf3 Nf6 3. Nxe5 d6 4. Nf3 Nxe4 5. d4 d5 6. Bd3 Be7 7. O-O O-O 8. c4
Nf6 9. cxd5 Nxd5 10. Nc3 Be6 11. Re1 Nc6 12. h3 a6 13. Qc2 h6 14. a3 Re8 15.
Rxe6 fxe6 16. Qe2 Bf8 17. Bd2 Qd7 18. Re1 b5 19. Bb1 Nf6 20. Ne4 Be7 21. Bc3
Nd5 22. Qc2 Bd6 23. Bd2 Nce7 24. Nc5 Bxc5 25. Ne5 Qd8 26. Qh7+ Kf8 27. Bxh6 Nf5
28. Bxf5 1-0

[Event "12th Arad Open 2019"]
[Site "Arad ROU"]
[Date "2019.07.29"]
[Round "7.21"]
[White "Mitran, Anthony Cristian"]
[Black "Dobre, Claudiu Cristian"]
[Result "1-0"]
[WhiteElo "2089"]
[BlackElo "2340"]
[PlyCount "97"]
[EventDate "2019.07.24"]

1. Nf3 d6 2. d4 f5 3. b4 Nf6 4. Bb2 g6 5. c4 Bg7 6. e3 O-O 7. Bd3 e5 8. dxe5
Ng4 9. Qb3 dxe5 10. c5+ Kh8 11. Be2 Qe7 12. h3 Be6 13. Qc2 Nf6 14. Nxe5 Nd5 15.
Nd3 Nc6 16. a3 f4 17. e4 Ne3 18. fxe3 Qh4+ 19. Kd1 fxe3 20. Bxg7+ Kxg7 21. Qc3+
Kg8 22. b5 Ne7 23. Qe5 Bb3+ 24. Kc1 Rae8 25. g3 Qh6 26. Qb2 Bc4 27. Qc2 Bxd3
28. Qb3+ Kg7 29. Qxd3 Qg5 30. Qc3+ Kh6 31. g4 Nc8 32. h4 Qe5 33. Qxe3+ Kg7 34.
Qc3 Rf4 35. Ra2 Rxe4 36. Rd2 Re7 37. Rh3 b6 38. Rd5 Qxc3+ 39. Nxc3 R4e5 40.
Rhd3 Rxd5 41. Rxd5 bxc5 42. Rxc5 Nd6 43. Bd1 Kf8 44. Kb2 Rd7 45. Bc2 Nb7 46.
Rd5 Re7 47. h5 gxh5 48. Rxh5 Kg8 49. Nd5 1-0

[Event "Romania National Chess Championship 201"]
[Site "Olanesti, Hotel Parang"]
[Date "2019.03.02"]
[Round "1.9"]
[White "Nastore, Pavel-Alexandru"]
[Black "Dobre, Claudiu Cristian"]
[Result "0-1"]
[WhiteElo "1980"]
[BlackElo "2341"]
[PlyCount "94"]
[EventDate "2019.03.02"]
[EventRounds "9"]

1. e4 Nc6 2. Nf3 d6 3. d4 Nf6 4. d5 Nb8 5. Bd3 g6 6. O-O Bg7 7. c4 Bg4 8. h3
Bxf3 9. Qxf3 Na6 10. Nc3 Nc5 11. Bc2 O-O 12. Be3 Nfd7 13. Qe2 Re8 14. Rac1 e6
15. b4 Na6 16. Ba4 Nxb4 17. c5 dxc5 18. Qb5 exd5 19. a3 c6 20. Qxb7 Rb8 21.
Qxa7 Qc8 22. Bf4 Ra8 23. Qc7 Qxc7 24. Bxc7 Bxc3 25. axb4 Rxa4 26. Rxc3 Rxb4 27.
exd5 cxd5 28. Bd6 Rb5 29. Rfc1 c4 30. Ra1 Nc5 31. f3 Nd3 32. Rca3 d4 33. Ra8
Rb1+ 34. Kh2 Rxa1 35. Rxe8+ Kg7 36. Bf8+ Kf6 37. Be7+ Kf5 38. Bd8 Re1 39. Rf8
Ke6 40. Bh4 Re5 41. Re8+ Kd5 42. Rd8+ Kc5 43. Bf6 c3 44. f4 Rd5 45. Be7+ Kc4
46. Rb8 Ra5 47. f5 gxf5 0-1

[Event "Romania National Chess Championship 201"]
[Site "Olanesti, Hotel Parang"]
[Date "2019.03.03"]
[Round "2.8"]
[White "Dobre, Claudiu Cristian"]
[Black "Daianu, Cristian Clement"]
[Result "1/2-1/2"]
[WhiteElo "2341"]
[BlackElo "2157"]
[PlyCount "40"]
[EventDate "2019.03.02"]
[EventRounds "9"]

1. c4 g6 2. Nf3 Bg7 3. e4 e5 4. Nc3 Nc6 5. d3 d6 6. Be2 Nf6 7. Nd5 Nxd5 8. cxd5
Ne7 9. h4 h6 10. d4 exd4 11. Nxd4 c6 12. dxc6 bxc6 13. h5 g5 14. O-O O-O 15.
Rb1 Rb8 16. Be3 Qa5 17. Bd2 Qb6 18. Be3 Qa5 19. Bd2 Qb6 20. Be3 Qa5 1/2-1/2

[Event "Romania National Chess Championship 201"]
[Site "Olanesti, Hotel Parang"]
[Date "2019.03.04"]
[Round "3.6"]
[White "Secrieru, Andrei-Cristian"]
[Black "Dobre, Claudiu Cristian"]
[Result "0-1"]
[WhiteElo "1900"]
[BlackElo "2341"]
[PlyCount "146"]
[EventDate "2019.03.02"]
[EventRounds "9"]

1. d4 f5 2. Bg5 g6 3. h4 h6 4. Bf4 Nf6 5. Nf3 d6 6. e3 Bg7 7. Be2 e6 8. Nc3 Qe7
9. Qd3 Nc6 10. Bh2 e5 11. d5 e4 12. Qb5 a6 13. Qa4 exf3 14. Bxf3 Ne4 15. Bxe4
Bxc3+ 16. bxc3 b5 17. Qb3 Qxe4 18. dxc6 Be6 19. Qb4 Qxg2 20. O-O-O Qxc6 21.
Rhg1 Kf7 22. Bf4 Qc4 23. Qxc4 Bxc4 24. a3 Kf6 25. Rde1 Bd5 26. Kd2 Rae8 27. Ra1
Bc6 28. Kd3 Re4 29. Rg3 Ra4 30. Rag1 Be8 31. Ra1 Ke6 32. Rgg1 Bf7 33. Rgb1 Be8
34. Rb4 g5 35. Rxa4 bxa4 36. hxg5 h5 37. Rh1 Bc6 38. Rh2 Be4+ 39. Kd2 Kf7 40.
Bg3 Kg6 41. f4 Rb8 42. Kc1 Bd5 43. Rd2 Ba2 44. Rd1 Kf7 45. Be1 Ke6 46. Rd4 Rb1+
47. Kd2 Bd5 48. g6 Bf3 49. e4 c5 50. exf5+ Kxf5 51. Rxa4 Rb6 52. g7 Bd5 53. Ke3
Kg6 54. f5+ Kxg7 55. Rh4 Bf7 56. c4 Rb1 57. Bc3+ Kh6 58. Rh3 Kg5 59. f6 Kg4 60.
Rf3 h4 61. Rf4+ Kg5 62. Rf3 Rh1 63. Kf2 Rh2+ 64. Kg1 Rxc2 65. Ba5 Rxc4 66. Bc7
Rd4 67. Rf1 d5 68. Be5 Re4 69. Bd6 c4 70. Be7 d4 71. Kg2 c3 72. Rc1 Re2+ 73.
Kf3 Bh5# {Ke4} 0-1

[Event "Romania National Chess Championship 201"]
[Site "Olanesti, Hotel Parang"]
[Date "2019.03.05"]
[Round "4.3"]
[White "Dobre, Claudiu Cristian"]
[Black "Toma, Radu Cristian"]
[Result "1-0"]
[WhiteElo "2341"]
[BlackElo "2371"]
[PlyCount "55"]
[EventDate "2019.03.02"]
[EventRounds "9"]

1. Nf3 d5 2. c4 d4 3. b4 f6 4. Na3 a5 5. b5 e5 6. Nc2 Bc5 7. d3 Ne7 8. g3 a4 9.
Bg2 O-O 10. O-O Qd6 11. e3 dxe3 12. fxe3 e4 13. dxe4 Be6 14. Qe2 a3 15. e5 fxe5
16. Rd1 Qb6 17. Ng5 Ra4 18. Qd3 e4 19. Qb3 Bg4 20. Rf1 Rxf1+ 21. Bxf1 Ra8 22.
Nxe4 Nd7 23. Qc3 Rf8 24. Bg2 Qg6 25. Nxc5 Nxc5 26. Bxa3 Nd3 27. Bxe7 Rf2 28.
Qd4 1-0

[Event "Romania National Chess Championship 201"]
[Site "Olanesti, Hotel Parang"]
[Date "2019.03.06"]
[Round "5.2"]
[White "Manolache, Marius"]
[Black "Dobre, Claudiu Cristian"]
[Result "1-0"]
[WhiteElo "2507"]
[BlackElo "2341"]
[PlyCount "99"]
[EventDate "2019.03.02"]
[EventRounds "9"]

1. d4 d5 2. Nf3 Nf6 3. c4 c6 4. e3 e6 5. Bd3 Nbd7 6. b3 Bd6 7. Bb2 Qe7 8. Ne5
Bb4+ 9. Nd2 Ne4 10. Bxe4 dxe4 11. Qc2 f5 12. O-O-O Nxe5 13. dxe5 c5 14. Nb1 Bd7
15. Rd6 O-O-O 16. Bc3 Bxc3 17. Qxc3 Bc6 18. Rhd1 Rxd6 19. exd6 Qf7 20. d7+ Bxd7
21. Qa5 Kb8 22. Qxc5 Bc8 23. Nc3 a6 24. Rd6 Qc7 25. Qe5 Rd8 26. c5 Rf8 27. Kb2
f4 28. Nxe4 fxe3 29. fxe3 Rf5 30. Qc3 h5 31. h4 e5 32. Qb4 Ka8 33. Ka3 Bd7 34.
Qb6 Kb8 35. Rd5 Rf8 36. Qxc7+ Kxc7 37. Rxe5 Bc6 38. Nd6 Kd8 39. Rxh5 Rf2 40. g4
Ke7 41. Rh8 Rg2 42. g5 Ke6 43. Rb8 b5 44. e4 Rc2 45. Rb6 Kd7 46. Rxa6 Rxc5 47.
Nf5 g6 48. Ra7+ Kd8 49. Nd6 Rc2 50. Rg7 1-0

[Event "Romania National Chess Championship 201"]
[Site "Olanesti, Hotel Parang"]
[Date "2019.03.07"]
[Round "6.4"]
[White "Dobre, Claudiu Cristian"]
[Black "Miron, Lucian Costin"]
[Result "0-1"]
[WhiteElo "2341"]
[BlackElo "2455"]
[PlyCount "120"]
[EventDate "2019.03.02"]
[EventRounds "9"]

1. d4 Nf6 2. Nf3 e6 3. g3 b5 4. Qd3 a6 5. a4 b4 6. e4 Bb7 7. e5 Nd5 8. Nbd2 c5
9. dxc5 Bxc5 10. Ne4 Be7 11. Bg5 f6 12. exf6 Nxf6 13. Bxf6 gxf6 14. Bg2 Qc7 15.
Rd1 O-O 16. Nd6 Bxd6 17. Qxd6 Qxd6 18. Rxd6 Rc8 19. Kd2 a5 20. Ne1 Bxg2 21.
Nxg2 Ra6 22. Rxa6 Nxa6 23. b3 Nc5 24. Re1 Kf7 25. f3 d5 26. Ne3 Nd7 27. Ke2 Nb6
28. Rd1 Rc5 29. Rd2 e5 30. Nd1 Ke6 31. Nf2 Nc8 32. Nd3 Rc3 33. Nf2 Ne7 34. Nd1
Rc5 35. Ne3 Nc6 36. Nd1 Nd4+ 37. Rxd4 exd4 38. Kd3 Kd6 39. Kd2 Rc7 40. Nf2 Re7
41. Nd3 Re3 42. Ne1 Ke6 43. Kd1 Kd7 44. Kd2 Kd6 45. Kd1 Re5 46. Nd3 Re3 47. Ne1
f5 48. Kd2 Re6 49. f4 Re3 50. Nd3 h5 51. Nc1 h4 52. Ne2 Kc5 53. gxh4 Rh3 54. h5
Rxh2 55. h6 Rxh6 56. Nc1 Rh2+ 57. Kd3 Rf2 58. Ne2 Rf3+ 59. Kd2 Kd6 60. Nxd4
Rxf4 0-1

[Event "Romania National Chess Championship 201"]
[Site "Olanesti, Hotel Parang"]
[Date "2019.03.08"]
[Round "7.9"]
[White "Dobre, Claudiu Cristian"]
[Black "Dumitru, Matei-Ioan"]
[Result "1/2-1/2"]
[WhiteElo "2341"]
[BlackElo "2243"]
[PlyCount "75"]
[EventDate "2019.03.02"]
[EventRounds "9"]

1. c4 Nf6 2. Nc3 e6 3. e4 d5 4. cxd5 exd5 5. e5 Ne4 6. d4 Nc6 7. Bb5 Bb4 8. Qa4
O-O 9. Bxc6 Bxc3+ 10. bxc3 bxc6 11. Ne2 Bd7 12. O-O a5 13. Qd1 Bc8 14. Qe1 Ba6
15. f3 Ng5 16. f4 Ne4 17. f5 f6 18. Rf3 fxe5 19. dxe5 Bxe2 20. Qxe2 Qe8 21. Ba3
c5 22. f6 gxf6 23. exf6 Rxf6 24. Rxf6 Nxf6 25. Qxe8+ Rxe8 26. Bxc5 Ne4 27. Re1
Kf7 28. Bd4 c5 29. Bf2 Rb8 30. c4 Nxf2 31. Kxf2 dxc4 32. Re5 Rb2+ 33. Kf3 c3
34. Rxc5 c2 35. a4 Ke6 36. Ke3 Kd6 37. Rc8 c1=Q+ 38. Ke4 {Ke5+} 1/2-1/2